| 000 | 00695nam a2200205Ia 4500 | ||
|---|---|---|---|
| 003 | GCL | ||
| 008 | 140319s9999 xx 000 0 ara d | ||
| 040 |
_aGCL / _cGCL |
||
| 082 | 0 | 4 |
_a953.0738 _bهـ ف |
| 100 | 1 | _aهالم، هاينز | |
| 245 | 1 | 0 |
_aالفاطميون وتقاليدهم فى التعليم / _cهالم، هاينز |
| 250 | _aالاولى | ||
| 260 |
_aسوريا : _bدار المدى للثقافة والنشر ، _c1999 |
||
| 300 |
_a149 ص ؛ _c20 سم |
||
| 650 | 0 | 4 | _aالدولة الفاطمية |
| 650 | 0 | 4 | _aمصر - الاحوال الثقافية |
| 650 | 0 | 4 | _aالتعليم - مصر |
| 650 | 0 | 4 | _aالدعوة الاسماعيلية |
| 942 |
_2ddc _cBK |
||
| 999 |
_c32928 _d32928 |
||